| 000 | 00765nam a22002297a 4500 | ||
|---|---|---|---|
| 999 |
_c20396 _d20396 |
||
| 003 | AR-CdUCM | ||
| 008 | 190502b ||||| |||| 00| 0 spa d | ||
| 040 |
_aMUNICIPALIDAD PROVINCIAL DEL CUSCO _cBIBLIOTECA MUNICIPAL DEL CUSCO |
||
| 082 |
_a985.009 / _bAL47 |
||
| 100 |
_aAlva Orlandini, Hernan _935590 |
||
| 245 | _aAntonio Raimondi / | ||
| 260 |
_aLima : _bUniversitaria, _c1966. |
||
| 300 |
_a111 páginas ; _c20 cm. |
||
| 440 |
_nBibliotecas Hombres del Perú _a3 _942655 |
||
| 505 | _aContenido; Antonio Raimondi -- Stefano Varese -- Julio C. Tello... | ||
| 650 |
_aHistoria peruana _91316 |
||
| 650 |
_aInvestigadores peruanos _942656 |
||
| 650 |
_aHistoria peruana _91316 |
||
| 700 |
_aVerese, Stéfano _942657 |
||
| 942 |
_2ddc _cLIBROS |
||
| 945 | _aAndy | ||